000 00654nam a2200217Ii 4500
001 13375
003 CO-ViMGA
008 241108s9999||||xx |||||||||||||| ||und||
020 _a9684522398
040 _aCO-ViMGA
_bspa
_erda
_cCO-ViMGA
041 0 _aspa
082 0 4 _aF.FC 193.2 - N17p
100 1 _aPablo Natorp
_951068
245 1 0 _aPropedéutica filosófica; Kant y la escuela de marburgo; Curso de pedagogía social
264 1 _aMéxico : Porrua, 1987
300 _avolumen
336 _atext
_btxt
_2rdacontent
337 _aunmediated
_bn
_2rdamedia
338 _avolume
_bnc
_2rdacarrier
940 _aidficha_siabuc: 13077. -- ficha_no_siabuc:13375
999 _c45777
_d45777